| 000 | 00571nam a2200193 a 4500 | ||
|---|---|---|---|
| 005 | 20240305063714.0 | ||
| 008 | 991125s1994 mx 000 0 spa u | ||
| 020 | _a9684308337 | ||
| 035 | _aUPN01000008325 | ||
| 049 | _aLT | ||
| 050 | 4 |
_aLB1644 M6.2 _bL4.3 |
|
| 100 | 1 | _aLeón Olivares, Bernardino | |
| 245 | 1 | 0 |
_aCivismo 2o. curso : _beducación secundaria / _cBernardino León Olivares |
| 260 |
_aMéxico : _bSantillana, _c1994 |
||
| 300 |
_a118 p. : _bil. col. |
||
| 650 | 4 |
_aCivismo _xEstudio y enseñanza (Secundaria) _91512 |
|
| 904 |
_aAC _b008325 |
||
| 905 | _aLibro | ||
| 999 |
_c8325 _d8325 |
||